| 000 | 00515nam a2200169 a 4500 | ||
|---|---|---|---|
| 005 | 20140412111304.0 | ||
| 008 | 010131s19uu xx 00 eng d | ||
| 020 | _a0-15-418381-5 | ||
| 050 |
_aTR(GS 428.6 _bBe388 1989 |
||
| 100 | _aBeck, Isabel L. | ||
| 245 |
_aRainbows: reading today and tomorrow, level K. / _cIsabel L. Beck ; T. Tana Herchold. |
||
| 260 |
_aEnglebretson Austin : _bHolt & Rinehart & winston, _c1989. |
||
| 300 | _a1 | ||
| 440 | _aHRW reading program | ||
| 650 | _aReading | ||
| 999 |
_c103593 _d103593 |
||